| 000 | | | 05745cam0a2200349#x 450 |
| 001 | | | ee8a714b-9d6e-470b-9374-3e77a48fa1f1 |
| 005 | | | 20241024140919.0 |
| 100 | ## | $a | 20241024j19440307k###0rusy50 ca |
| 101 | 0# | $a | rus |
| 102 | ## | $a | RU |
| 122 | 0# | $a | d19440307## |
| 200 | 1# | $a | Шифртелеграмма наркома иностранных дел СССР В. М. Молотова послу СССР в Великобритании Ф. Т. Гусеву о необходимости первоочередного согласования военных вопросов капитуляции Германии при рассмотрении общих условий капитуляции в рамках Европейской Консультативной Комиссии (ЕКК) |
| | $j | 7 марта 1944 г. |
| 251 | ## | $c | Документ |
| 300 | ## | $a | Подлинник |
| 300 | ## | $a | Обратная нумерация листов |
| 461 | #0 | $1 | 2001 |
| | $a | Ф. 059 |
| | $1 | 251 |
| | $c | Фонд |
| | $1 | 852 |
| | $j | 059 |
| 462 | #0 | $1 | 2001 |
| | $a | Оп. 12. П. 11 |
| | $1 | 251 |
| | $c | Опись |
| | $1 | 852 |
| | $j | 12. П. 11 |
| 462 | #0 | $1 | 2001 |
| | $a | Д. 62 |
| | $v | Л. 107-106 |
| | $1 | 251 |
| | $c | Дело |
| | $1 | 852 |
| | $j | 62 |
| 601 | 01 | $2 | nlr_sh |
| | $3 | RU\NLR\AUTH\661367497 |
| | $a | СССР |
| | $b | Министерство иностранных дел |
| | $x | История |
| | $j | Документы и материалы |
| 601 | 12 | $2 | nlr_sh1 |
| | $3 | RU\NLR\AUTH\66290556 |
| | $a | Европейская консультативная комиссия по Германии |
| | $z | 1944 - 1945 |
| | $j | Документы и материалы |
| 605 | ## | $2 | prlib_sh |
| | $3 | LIBNET\UAF\0000088514 |
| | $a | Вторая мировая война в архивных документах (Комплекс оцифрованных архивных документов, кино- и фотоматериалов) |
| | $l | коллекция |
| 605 | ## | $2 | acquisition_Prlib |
| | $3 | DITM\AF\0000002775 |
| | $a | Власть |
| | $l | коллекция |
| 606 | 1# | $2 | nlr_sh1 |
| | $3 | RU\NLR\AUTH\66240970 |
| | $a | Вторая мировая война |
| | $z | 1939 - 1945 |
| | $x | Проекты послевоенного устройства Германии |
| | $j | Документы и материалы |
| 607 | ## | $2 | nlr_sh |
| | $3 | RU\NLR\AUTH\661042768 |
| | $a | СССР |
| | $x | Внешняя политика |
| | $z | 1941 - 1945 |
| | $j | Документы и материалы |
| 686 | ## | $a | 63.3(2)622-64ю1 |
| | $2 | rubbk |
| | $v | LBC/M |
| 686 | ## | $a | 63.3(0)62-64ю1 |
| | $2 | rubbk |
| | $v | LBC/M |
| 686 | ## | $a | 63.3(4Гем)62ю1 |
| | $2 | rubbk |
| | $v | LBC/M |
| 801 | #0 | $a | RU |
| | $b | ПБ им. Б.Н. Ельцина |
| | $c | 20241024 |
| 801 | #1 | $a | RU |
| | $b | ПБ им. Б.Н. Ельцина |
| | $c | 20241024 |
| | $2 | rusmarc |
| 801 | #2 | $a | RU |
| | $b | ПБ им. Б.Н. Ельцина |
| | $c | 20241024 |
| | $2 | rusmarc |
| 850 | ## | $a | Архив внешней политики Российской Федерации |
| 852 | ## | $a | АВП РФ |
| | $j | Л. 107-106 |
| 035 | ## | $a | LIBNET\0001432284 |
| 937 | ## | $d | 194503329 |
| | $h | Федеральное архивное агентство |
| 856 | 4# | $u | http://readingroom.main.prlib.ru/item.aspx?id_node=n194503329&mode=full |